Reminiscences of planting 1906-41 (Record no. 66730)

MARC details
000 -LEADER
fixed length control field 00259nam a2200109Ia 4500
100 ## - MAIN ENTRY--AUTHOR NAME
Personal name Le Doux J A
245 #0 - TITLE STATEMENT
Title Reminiscences of planting 1906-41
260 ## - PUBLICATION, DISTRIBUTION, ETC. (IMPRINT)
Name of publisher Planter
Year of publication 1954
300 ## - PHYSICAL DESCRIPTION
Number of Pages 108-111
942 ## - ADDED ENTRY ELEMENTS (KOHA)
Koha item type Journals
Holdings
Withdrawn status Lost status Damaged status Not for loan Home library Current library Shelving location Date acquired Serial Enumeration / chronology Koha item type
      Journals RRII Library RRII Library Botany 17/12/2021 Volume 30, Issue 2 Journals